Riconosci la Stato degli Stati Uniti - Quiz n°3 - Statistics

Statistiche generali
  • Questo quiz è stato fatto 11 volte
  • Il punteggio medio è 6 su 10
Statistiche sulle risposte
Indizio Risposta % Corretto
Iniziale della Capitale T
100%
Popolazione 9 288 994 ab.
80%
Superficie 22 608 km²
70%
Numero stati confinanti 3
70%
Fuso orario UTC-5
70%
Altitudine 0 - 550 m s.l.m.
40%
Rappresentanza parlamentare 12 Rappresentanti: 11 D, 1 R 2 Senatori: Bob Menendez (D), Cory Booker (D)
30%
Data di istituzione 18 dicembre 1787
30%
Numero contee 566
30%
Stato federale New Jersey
30%
Nessun quiz corrispondente trovato
Distribuzione punteggi
Percentuale di utenti per punteggio
Percentile per numero di risposta
I tuoi punteggi nel tempo
Non hai fatto questo quiz